| 000 | 01103nam1a22002411i 4500 | ||
|---|---|---|---|
| 001 | rc\3029968 | ||
| 005 | 20240726035219.0 | ||
| 035 | _a(NLR Aleph) 007170953 | ||
| 090 |
_a7345488 _c7345488 |
||
| 100 | _a20111004d1935 |||y0rusy50 ca | ||
| 101 | 0 | _arus | |
| 102 | _aRU | ||
| 105 | _ay z ||||| | ||
| 200 | 1 |
_aÐÑомÑÑленное обоÑÑдование _eЦенник _fÐаÑкомÑÑжпÑом. РеммаÑÑÑеÑÑ. ÐенингÑ. оÑд-ние |
|
| 210 |
_aÐенингÑад _aÐоÑква _cÐаÑкомÑÑжпÑом. ÐоÑ. конÑоÑа ÑпÑавоÑников и каÑалогов _d1935 _eÐенингÑад _g2 Ñип. ТÑанÑжелдоÑиздаÑа |
||
| 215 | _d22Ã14 Ñм | ||
| 300 | _aÐа обл. загл.: "Ценник на пÑомÑÑленное обоÑÑдование" | ||
| 512 | 0 | 0 | _aЦенник на пÑомÑÑленное обоÑÑдование |
| 710 | 0 | 2 |
_a"РеммаÑÑÑеÑÑ" _bСевеÑо-Ðападное оÑделение _cÐоÑква |
| 801 | 0 |
_aRU _bNLR _gpsbo |
|
| 801 | 1 |
_aRU _bELAR _2rusmarc |
|
| 852 |
_aNLR _j35-17/197(2) |
||
| 942 | _cBOOK | ||